| 000 | 00592nam a2200169Ia 4500 | ||
|---|---|---|---|
| 008 | 090201s9999 xx 000 0 und d | ||
| 010 | _aKPL-47503 | ||
| 040 | _bमराठी | ||
| 041 | _aमराठी | ||
| 082 |
_a32080 _b47503 |
||
| 100 | _aनरेंद्र दाभोळकर | ||
| 245 |
_aअंधश्रद्धा विनाशाय _cनरेंद्र दाभोळकर |
||
| 260 |
_c2004 _bराजहंस प्रकाशन |
||
| 300 |
_a215 _bमोठा |
||
| 600 | _aअंधश्रद्धा विनाशाय | ||
| 942 | _cBOOK | ||
| 999 |
_c230452 _d230452 |
||